[Event "Sao Paulo Hebraica op 20th"]
[Site "Sao Paulo"]
[Date "2015.06.04"]
[Round "1"]
[White "Benitez, Ed Carlos Leite Luq"]
[Black "Ferreira, Rafael Cassoni Buel"]
[Result "1-0"]
[WhiteElo "1979"]
[BlackElo "1509"]
[PlyCount "109"]
[EventDate "2015.06.04"]
[EventType "swiss"]
[EventRounds "6"]
[EventCountry "BRA"]
[SourceTitle "CBM 166 Extra"]
[Source "ChessBase"]
[SourceDate "2015.06.18"]
[SourceVersion "1"]
[SourceVersionDate "2015.06.18"]
[SourceQuality "1"]

1. e4 d6 2. d4 Nf6 3. Nc3 g6 4. h3 Bg7 5. Be3 0-0 6. Nf3 b6 7. Bc4 Bb7 8. d5 c5 9. Qd2 a6 10. a4 a5 11. Bh6 Ba6 12. Bxa6 Nxa6 13. e5 dxe5 14. Bxg7 Kxg7 15. Nxe5 Qd6 16. Nc4 Qc7 17. g4 Rab8 18. 0-0-0 Rfd8 19. Nb5 Qd7 20. Qc3 Kf8 21. g5 Ng8 22. d6 exd6 23. Rxd6 Qf5 24. Qd2 Rxd6 25. Qxd6+ Ne7 26. Nxb6 Qxg5+ 27. f4 Qf5 28. Nd7+ Kg7 29. Nxb8 Nxb8 30. Qxb8 Qe4 31. Qe5+ Qxe5 32. fxe5 Nc6 33. Re1 Kf8 34. e6 Ke7 35. exf7+ Kxf7 36. Rd1 Ne5 37. Rd5 Ke6 38. Nc7+ Kf6 39. Rxc5 h5 40. Nd5+ Kf5 41. Ne7+ Kf4 42. Nxg6+ Nxg6 43. Rxh5 Kg3 44. Rg5+ Kxh3 45. Rxg6 Kh4 46. Kd2 Kh5 47. Rg8 Kh6 48. Ke3 Kh7 49. Rg1 Kh6 50. Kf4 Kh5 51. c4 Kh6 52. Kf5 Kh7 53. Kf6 Kh8 54. Kf7 Kh7 55. Rh1# 1-0

[Event "BRA-ch Amateur"]
[Site "Sao Paulo"]
[Date "2015.04.01"]
[Round "3"]
[White "Benitez, Ed Carlos Leite Luq"]
[Black "De Jesus Pinto, Aline Cristina"]
[Result "1-0"]
[WhiteElo "1974"]
[BlackElo "1823"]
[PlyCount "113"]
[EventDate "2015.04.30"]
[EventType "swiss"]
[EventRounds "7"]
[EventCountry "BRA"]
[SourceTitle "EXT 2022"]
[Source "ChessBase"]
[SourceDate "2021.10.06"]
[SourceVersion "1"]
[SourceVersionDate "2021.10.06"]
[SourceQuality "1"]

1. e4 c5 2. Nf3 Nc6 3. d4 cxd4 4. Nxd4 Nf6 5. Nc3 g6 6. Be3 Bg7 7. Bc4 Na5 8. Be2 d6 9. f3 a6 10. g4 b5 11. g5 Nd7 12. Qd2 Bb7 13. h4 Nc4 14. Bxc4 bxc4 15. h5 Nc5 16. h6 Bxd4 17. Qxd4 e5 18. Qxc4 Rc8 19. Nd5 Bxd5 20. Qxd5 Qa5+ 21. Bd2 Qb6 22. 0-0-0 Na4 23. Qb3 Qxb3 24. axb3 Nc5 25. Bc3 Ke7 26. Kb1 Rhf8 27. Rd5 f6 28. Rhd1 Rc6 29. f4 Nxe4 30. gxf6+ Nxf6 31. Rxd6 Rxd6 32. Bb4 Ke6 33. Rxd6+ Kf5 34. Rxa6 Rf7 35. fxe5 Kxe5 36. Bc3+ Kf5 37. Rxf6+ Rxf6 38. Bxf6 Kxf6 39. Kc1 Ke5 40. b4 Kd5 41. Kd2 Kc4 42. c3 Kb5 43. b3 Kb6 44. c4 Kc6 45. Ke3 Kb6 46. Kf4 Kc6 47. b5+ Kc5 48. b4+ Kb6 49. Kg5 Kb7 50. c5 Kc7 51. b6+ Kc6 52. b5+ Kb7 53. Kf6 Ka8 54. c6 Kb8 55. b7 Kc7 56. Ke6 Kb8 57. Kd7 1-0

[Event "Mogi das Cruzes Catropa Memorial"]
[Site "Mogi das Cruzes"]
[Date "2014.09.06"]
[Round "3"]
[White "Benitez, Ed Carlos Leite Luq"]
[Black "Nakata, Thifanni Harumi"]
[Result "1-0"]
[WhiteElo "1976"]
[BlackElo "1644"]
[PlyCount "97"]
[EventDate "2014.09.05"]
[EventType "swiss"]
[EventRounds "6"]
[EventCountry "BRA"]
[SourceTitle "CBM 162 Extra"]
[Source "ChessBase"]
[SourceDate "2014.10.17"]
[SourceVersion "1"]
[SourceVersionDate "2014.10.17"]
[SourceQuality "1"]

1. e4 c5 2. Nf3 d6 3. d4 cxd4 4. Nxd4 Nf6 5. Nc3 a6 6. Bc4 e6 7. Bb3 Nbd7 8. Be3 Nc5 9. f3 Be7 10. Qd2 Qc7 11. 0-0-0 Nxb3+ 12. cxb3 b5 13. Kb1 Bd7 14. g4 0-0 15. h4 b4 16. Na4 Qa5 17. h5 Bxa4 18. bxa4 Qxa4 19. g5 Ne8 20. g6 Qd7 21. Rdg1 Bf6 22. Qg2 Nc7 23. gxh7+ Kxh7 24. f4 Nb5 25. e5 dxe5 26. fxe5 Nxd4 27. exf6 Nf5 28. fxg7 Rg8 29. Qe4 Rac8 30. h6 Qc6 31. Qxc6 Rxc6 32. Bf4 Rc4 33. Bc1 a5 34. Rd1 Rxc1+ 35. Rxc1 Nxh6 36. Rc5 Rxg7 37. Rxa5 Rg4 38. Rah5 Rg6 39. Kc2 Kg7 40. R5h4 f5 41. Rxb4 Kf6 42. a4 Ng4 43. a5 Ne3+ 44. Kd3 Nd5 45. Rb8 e5 46. a6 Rg7 47. Rb7 Nc7 48. a7 Rd7+ 49. Ke2 1-0

[Event "Sao Bernardo do Campo LXSBC op"]
[Site "Sao Bernardo do Campo"]
[Date "2014.07.27"]
[Round "5"]
[White "Brassoloto, Adan"]
[Black "Benitez, Ed Carlos Leite Luq"]
[Result "0-1"]
[WhiteElo "1789"]
[BlackElo "1977"]
[PlyCount "112"]
[EventDate "2014.07.25"]
[EventType "swiss"]
[EventRounds "6"]
[EventCountry "BRA"]
[SourceTitle "EXT 2016"]
[Source "ChessBase"]
[SourceDate "2015.10.08"]
[SourceVersion "1"]
[SourceVersionDate "2015.10.08"]
[SourceQuality "1"]

1. c4 Nf6 2. g3 g6 3. Bg2 Bg7 4. Nc3 0-0 5. Nf3 d6 6. 0-0 c5 7. d3 Nc6 8. a3 Bd7 9. Rb1 Qc8 10. Bd2 Bh3 11. b4 Bxg2 12. Kxg2 Ng4 13. b5 Nce5 14. Nd5 Qd7 15. h3 Nxf3 16. exf3 Nf6 17. Ne3 e6 18. Qe2 d5 19. Rfd1 a6 20. bxa6 Rxa6 21. Rb5 Rxa3 22. Rxc5 Ra2 23. Ra5 Rb2 24. Qe1 d4 25. Ng4 Nxg4 26. hxg4 f5 27. g5 e5 28. Rd5 Qa4 29. Rxe5 Bxe5 30. Qxe5 Qd7 31. Qa5 Re8 32. Bb4 Qc6 33. Re1 Rxe1 34. Bxe1 Rb3 35. Qd8+ Kf7 36. Qxd4 Qe6 37. Bc3 Ke8 38. c5 Rb1 39. Qh8+ Kd7 40. Qg7+ Kc6 41. Qf6 Qxf6 42. gxf6 Kd7 43. f7 Ke7 44. Bg7 Kxf7 45. Be5 Ke6 46. f4 Rd1 47. d4 Kd5 48. Kf3 Rxd4 49. Bd6 Rc4 50. Bf8 Rxc5 51. Ke3 Rc4 52. f3 b5 53. Kd3 b4 54. Bg7 b3 55. Bh8 Rc2 56. g4 Rg2 0-1

[Event "Sao Bernardo do Campo LXSBC op"]
[Site "Sao Bernardo do Campo"]
[Date "2014.07.25"]
[Round "1"]
[White "Caporale, Giuseppe Guido"]
[Black "Benitez, Ed Carlos Leite Luq"]
[Result "0-1"]
[WhiteElo "1762"]
[BlackElo "1977"]
[PlyCount "96"]
[EventDate "2014.07.25"]
[EventType "swiss"]
[EventRounds "6"]
[EventCountry "BRA"]
[SourceTitle "EXT 2016"]
[Source "ChessBase"]
[SourceDate "2015.10.08"]
[SourceVersion "1"]
[SourceVersionDate "2015.10.08"]
[SourceQuality "1"]

1. e4 c5 2. Nf3 e6 3. d4 cxd4 4. Nxd4 a6 5. Bd3 Nf6 6. 0-0 Qc7 7. Be3 d5 8. exd5 Nxd5 9. Bd2 Bd6 10. Nf3 Nd7 11. Nc3 N7f6 12. Ne4 Bf4 13. Nxf6+ gxf6 14. c4 Ne7 15. Bc3 e5 16. Qe2 Bg4 17. h3 Be6 18. Rfd1 0-0-0 19. Bd2 Bxd2 20. Rxd2 Kb8 21. b3 Qc8 22. Kh2 Ng6 23. Bxg6 Rxd2 24. Qxd2 hxg6 25. Ng1 Rd8 26. Qe2 Qd7 27. Re1 Qd4 28. Qf3 f5 29. Qe3 e4 30. Qxd4 Rxd4 31. g3 g5 32. Re2 f4 33. f3 e3 34. Kg2 Kc7 35. g4 Kd6 36. Kf1 Bd7 37. Ke1 Bc6 38. Rc2 Kc5 39. a3 a5 40. Ke2 f6 41. Ke1 Rd3 42. Rb2 a4 43. b4+ Kxc4 44. Ne2 Rxa3 45. Rc2+ Kxb4 46. Nd4 Ra1+ 47. Ke2 Bd5 48. Rc7 Bc4+ 0-1

[Event "Sao Paulo IRT op 3rd"]
[Site "Sao Paulo"]
[Date "2013.09.06"]
[Round "1"]
[White "Benitez, Ed Carlos Leite Luq"]
[Black "De Moraes, Luiz Gustavo"]
[Result "1-0"]
[WhiteElo "1962"]
[BlackElo "1314"]
[PlyCount "93"]
[EventDate "2013.09.06"]
[EventType "swiss"]
[EventRounds "6"]
[EventCountry "BRA"]
[SourceTitle "CBM 156 Extra"]
[Source "ChessBase"]
[SourceDate "2013.10.22"]
[SourceVersion "1"]
[SourceVersionDate "2013.10.22"]
[SourceQuality "1"]

1. e4 e5 2. Nf3 Nc6 3. Bb5 Nf6 4. d3 d6 5. c3 a6 6. Ba4 Be6 7. 0-0 Be7 8. Nbd2 0-0 9. d4 exd4 10. cxd4 Bg4 11. h3 Bd7 12. Re1 Nb4 13. Bxd7 Qxd7 14. Nf1 Qb5 15. Re3 Qd7 16. Bd2 a5 17. d5 c6 18. a3 Na6 19. Bc3 Nc5 20. Ng3 cxd5 21. exd5 Rfe8 22. b4 Na4 23. Be1 axb4 24. Bxb4 b5 25. Qd4 Bd8 26. Rxe8+ Nxe8 27. Qf4 Bf6 28. Rd1 Nc3 29. Rd3 Rc8 30. Kh2 Rc4 31. Qe3 Nc7 32. Bxc3 Bxc3 33. Qb6 h6 34. Qb8+ Kh7 35. Nf1 Bf6 36. Ne3 Re4 37. Rd2 Re8 38. Qb7 Qe7 39. Rc2 Nxd5 40. Qxd5 Be5+ 41. Nxe5 dxe5 42. Qxb5 Qe6 43. a4 Qf6 44. Qxe8 Qf4+ 45. g3 Qe4 46. Qxf7 Qxa4 47. Nf5 1-0

[Event "Mogi das Cruzes op 08"]
[Site "Mogi das Cruzes"]
[Date "2013.08.17"]
[Round "4"]
[White "Benitez, Ed Carlos Leite Luq"]
[Black "Ribeiro, Allysson"]
[Result "1-0"]
[WhiteElo "1965"]
[BlackElo "1859"]
[PlyCount "110"]
[EventDate "2013.08.16"]
[EventType "swiss"]
[EventRounds "6"]
[EventCountry "BRA"]
[SourceTitle "CBM 155 Extra"]
[Source "ChessBase"]
[SourceDate "2013.08.26"]
[SourceVersion "1"]
[SourceVersionDate "2013.08.26"]
[SourceQuality "1"]

1. e4 e6 2. d4 d5 3. Nc3 Bb4 4. Nge2 dxe4 5. a3 Bxc3+ 6. Nxc3 f5 7. f3 exf3 8. Qxf3 Qh4+ 9. g3 Qxd4 10. Be3 Qg4 11. Qf2 a6 12. Bg2 Nf6 13. Bf3 Qg6 14. Qg2 c6 15. Bc5 Kf7 16. 0-0 Re8 17. Rae1 Kg8 18. Bd6 Nbd7 19. Be2 Nb6 20. Bd3 Nbd5 21. Na4 b5 22. Nc5 Qg4 23. c3 a5 24. h3 Qh5 25. Re2 Qf7 26. Rfe1 a4 27. Kh2 Ra7 28. Bb1 Rd8 29. Be5 Nd7 30. Nxe6 Re8 31. Bd4 Ra8 32. Nxg7 Rxe2 33. Rxe2 N7f6 34. Nxf5 Qh5 35. g4 Qg5 36. Ba2 Bxf5 37. gxf5 Qxg2+ 38. Kxg2 Kg7 39. Bxd5 cxd5 40. Re6 Rf8 41. Kf3 h6 42. Kf4 Rf7 43. Rd6 Rf8 44. Rxd5 Kf7 45. Bxf6 Kxf6 46. Rxb5 Rc8 47. Rb6+ Kg7 48. Rb4 Ra8 49. c4 Kf6 50. Rb6+ Kf7 51. c5 Rd8 52. Rb4 Rd3 53. c6 Rd6 54. Rc4 Rd8 55. c7 Rc8 1-0

[Event "Mogi das Cruzes op 08"]
[Site "Mogi das Cruzes"]
[Date "2013.08.17"]
[Round "3"]
[White "Rodrigues, Edgar"]
[Black "Benitez, Ed Carlos Leite Luq"]
[Result "1-0"]
[WhiteElo "2229"]
[BlackElo "1965"]
[PlyCount "99"]
[EventDate "2013.08.16"]
[EventType "swiss"]
[EventRounds "6"]
[EventCountry "BRA"]
[SourceTitle "CBM 155 Extra"]
[Source "ChessBase"]
[SourceDate "2013.08.26"]
[SourceVersion "1"]
[SourceVersionDate "2013.08.26"]
[SourceQuality "1"]

1. e4 c5 2. Nf3 Nc6 3. d4 cxd4 4. Nxd4 e5 5. Nb5 d6 6. N1c3 a6 7. Na3 b5 8. Nd5 Nce7 9. Bg5 f6 10. Be3 Rb8 11. Be2 Nxd5 12. exd5 f5 13. f4 Nf6 14. 0-0 Be7 15. c4 bxc4 16. Nxc4 e4 17. Kh1 0-0 18. Rc1 Bb7 19. Bb6 Qd7 20. Ne3 Rfc8 21. Bc4 Kh8 22. Bd4 Bd8 23. Qe2 Ba8 24. Rcd1 a5 25. b3 Bb6 26. Bxf6 gxf6 27. Bb5 Qf7 28. Nxf5 Bc5 29. Bc4 Re8 30. Qb2 e3 31. Rf3 Qg6 32. Ng3 Qh6 33. Ne2 Rg8 34. Rg1 Rg4 35. Rh3 Rh4 36. Rxh4 Qxh4 37. g3 Qh6 38. g4 Rf8 39. Qc3 Qh3 40. Rg2 Qf3 41. g5 Qf1+ 42. Ng1 Qxf4 43. gxf6 Qxf6 44. Qxa5 Qe5 45. Qc7 Rg8 46. Qf7 Rxg2 47. Kxg2 Qb2+ 48. Kh3 Qf2 49. Nf3 h5 50. Qf8+ 1-0

[Event "Mogi das Cruzes op 08"]
[Site "Mogi das Cruzes"]
[Date "2013.08.16"]
[Round "2"]
[White "Benitez, Ed Carlos Leite Luq"]
[Black "Assad, Otavio Orlando"]
[Result "1-0"]
[WhiteElo "1965"]
[BlackElo "1640"]
[PlyCount "81"]
[EventDate "2013.08.16"]
[EventType "swiss"]
[EventRounds "6"]
[EventCountry "BRA"]
[SourceTitle "CBM 155 Extra"]
[Source "ChessBase"]
[SourceDate "2013.08.26"]
[SourceVersion "1"]
[SourceVersionDate "2013.08.26"]
[SourceQuality "1"]

1. e4 c5 2. Nf3 d6 3. d4 cxd4 4. Nxd4 Nf6 5. Nc3 e6 6. Be3 a6 7. a4 Nc6 8. Be2 Be7 9. 0-0 0-0 10. f4 Bd7 11. Kh1 Nxd4 12. Bxd4 Bc6 13. Bf3 Qc7 14. a5 Nd7 15. Be3 b6 16. axb6 Nxb6 17. Qd4 Nd7 18. Rad1 Bf6 19. Qxd6 Qxd6 20. Rxd6 Rac8 21. e5 Bxf3 22. gxf3 Nxe5 23. fxe5 Bxe5 24. Rd3 Rc4 25. Ra1 Rh4 26. Bg1 Ra8 27. Rxa6 Rb8 28. b3 h6 29. Ne4 Bf4 30. Ra7 Rb5 31. Rd8+ Kh7 32. Rxf7 Be5 33. Re7 Ra5 34. Rxe6 Bf4 35. Kg2 Ra2 36. Rc8 Ra1 37. h3 Rd1 38. Re7 Kg6 39. Rc6+ Kh7 40. Bf2 Rh5 41. Nf6+ 1-0

[Event "Mogi das Cruzes op 08"]
[Site "Mogi das Cruzes"]
[Date "2013.08.16"]
[Round "1"]
[White "De Souza, Eduardo Pereira"]
[Black "Benitez, Ed Carlos Leite Luq"]
[Result "0-1"]
[WhiteElo "1374"]
[BlackElo "1965"]
[PlyCount "70"]
[EventDate "2013.08.16"]
[EventType "swiss"]
[EventRounds "6"]
[EventCountry "BRA"]
[SourceTitle "CBM 155 Extra"]
[Source "ChessBase"]
[SourceDate "2013.08.26"]
[SourceVersion "1"]
[SourceVersionDate "2013.08.26"]
[SourceQuality "1"]

1. c4 Nf6 2. Nc3 g6 3. g3 Bg7 4. Bg2 0-0 5. e3 e5 6. Nge2 d6 7. b3 Nc6 8. 0-0 Re8 9. Nd5 Nxd5 10. cxd5 e4 11. Rb1 Nb4 12. Nf4 Nxa2 13. Ba3 a5 14. f3 exf3 15. Bxf3 Nb4 16. Bxb4 axb4 17. Qe2 Ra5 18. Qc4 b6 19. Rfc1 Rc5 20. Qxb4 Qe7 21. Rxc5 bxc5 22. Qc4 Bf5 23. Re1 Ra8 24. b4 Ra4 25. Qe2 Rxb4 26. e4 Bd4+ 27. Kg2 Bd7 28. Bg4 Bb5 29. Qf3 Rb2 30. Kh3 Rxd2 31. Qa3 h5 32. Qa8+ Kh7 33. Nxg6 hxg4+ 34. Kxg4 Bd7+ 35. Kf3 Rf2# 0-1

[Event "Mogi das Cruzes op 08"]
[Site "Mogi das Cruzes"]
[Date "2012.09.02"]
[Round "6"]
[White "Benitez, Ed Carlos Leite Luq"]
[Black "Almeida, Andre de Camargo"]
[Result "1-0"]
[WhiteElo "1966"]
[BlackElo "1800"]
[PlyCount "107"]
[EventDate "2012.08.31"]
[EventType "swiss"]
[EventRounds "6"]
[EventCountry "BRA"]
[SourceTitle "CBM 150 Extra"]
[Source "ChessBase"]
[SourceDate "2012.10.19"]
[SourceVersion "1"]
[SourceVersionDate "2012.10.19"]
[SourceQuality "1"]

1. e4 c5 2. Nf3 d6 3. d4 cxd4 4. Nxd4 Nf6 5. Nc3 a6 6. Bc4 e6 7. Bb3 Nc6 8. Be3 Be7 9. f3 Qc7 10. Qd2 b5 11. Nxc6 Qxc6 12. g4 a5 13. a4 b4 14. Nb5 Ba6 15. Nd4 Nxe4 16. Nxc6 Nxd2 17. Kxd2 Bf6 18. Nd4 0-0 19. Rae1 d5 20. f4 Rac8 21. g5 Be7 22. h4 Bc4 23. h5 Rc7 24. Bxc4 Rxc4 25. b3 Rc3 26. Nb5 Rc6 27. Bd4 Bc5 28. Bxc5 Rxc5 29. Kc1 Rfc8 30. Rh2 Kf8 31. Kb2 Ke7 32. f5 Kd7 33. fxe6+ fxe6 34. Nd4 Re8 35. Rhe2 Rc3 36. Rxe6 Rxe6 37. Nxe6 Rg3 38. Nf8+ Kd6 39. Nxh7 Rh3 40. Re8 Rxh5 41. g6 Rh2 42. Rg8 d4 43. Kc1 Rh1+ 44. Kd2 Rh2+ 45. Kd3 Ke5 46. Rxg7 Rh3+ 47. Kd2 Rh2+ 48. Kc1 Rh1+ 49. Kb2 Rh2 50. Rd7 Rg2 51. Nf8 Rg4 52. g7 Kf6 53. Ra7 Rxg7 54. Rxg7 1-0

[Event "Mogi das Cruzes op 08"]
[Site "Mogi das Cruzes"]
[Date "2012.09.02"]
[Round "5"]
[White "Benitez, Ed Carlos Leite Luq"]
[Black "Sztokbant, Bernardo Vainzoff"]
[Result "0-1"]
[WhiteElo "1966"]
[BlackElo "2065"]
[PlyCount "118"]
[EventDate "2012.08.31"]
[EventType "swiss"]
[EventRounds "6"]
[EventCountry "BRA"]
[SourceTitle "CBM 150 Extra"]
[Source "ChessBase"]
[SourceDate "2012.10.19"]
[SourceVersion "1"]
[SourceVersionDate "2012.10.19"]
[SourceQuality "1"]

1. e4 e5 2. Nf3 Nc6 3. Bb5 a6 4. Ba4 Nf6 5. 0-0 Be7 6. Re1 b5 7. Bb3 0-0 8. h3 d6 9. c3 Na5 10. Bc2 c5 11. d4 Qc7 12. Nbd2 cxd4 13. cxd4 Bd7 14. d5 Rac8 15. Bd3 Nb7 16. Nf1 Nc5 17. Bb1 Ne8 18. g4 a5 19. Ng3 g6 20. Bh6 Ng7 21. Kg2 a4 22. Rh1 a3 23. b3 Na6 24. Qd2 f6 25. Rc1 Qb6 26. Bc2 b4 27. Bd3 Bb5 28. Bxb5 Qxb5 29. Rxc8 Rxc8 30. Rc1 Rxc1 31. Qxc1 Qc5 32. Qxc5 Nxc5 33. Ne1 Bd8 34. Bd2 Ba5 35. Nc2 Ne8 36. Bxb4 Bxb4 37. Nxb4 Nc7 38. f3 Nb5 39. Ne2 Kf7 40. Kf2 f5 41. Ke3 Kf6 42. h4 h5 43. g5+ Ke7 44. exf5 gxf5 45. Nc2 f4+ 46. Kd2 e4 47. Nxf4 exf3 48. Ke3 Nc3 49. Nxa3 Nxa2 50. Nxh5 Nc3 51. Nf4 Nxb3 52. h5 Ne4 53. g6 f2 54. Kxe4 f1Q 55. Kf5 Nd4+ 56. Kg5 Qg1+ 57. Kh6 Kf6 58. Kh7 Qg5 59. Nc4 Nf5 0-1

[Event "Sao Bernardo do Campo LXSBC op 4th"]
[Site "Sao Bernardo do Campo"]
[Date "2012.07.13"]
[Round "1"]
[White "Eiji Honda, Helcio"]
[Black "Benitez, Ed Carlos Leite Luq"]
[Result "0-1"]
[WhiteElo "1800"]
[BlackElo "1976"]
[PlyCount "76"]
[EventDate "2012.07.13"]
[EventType "swiss"]
[EventRounds "6"]
[EventCountry "BRA"]
[SourceTitle "CBM 149 Extra"]
[Source "ChessBase"]
[SourceDate "2012.08.24"]
[SourceVersion "1"]
[SourceVersionDate "2012.08.24"]
[SourceQuality "1"]

1. b4 e6 2. a3 c5 3. Bb2 Nf6 4. c4 cxb4 5. axb4 Bxb4 6. e3 0-0 7. Bd3 Nc6 8. Nf3 d6 9. Qc2 e5 10. Ng5 h6 11. Ne4 Be6 12. Nxf6+ Qxf6 13. 0-0 Bc5 14. Qc3 Qe7 15. f4 f5 16. g3 Rac8 17. Na3 Bb4 18. Qc1 e4 19. Bb1 Na5 20. Qd1 Nxc4 21. Nxc4 Bxc4 22. Rf2 a5 23. Ba3 d5 24. Qa4 Bxa3 25. Rxa3 b6 26. Ba2 Bxa2 27. Rxa2 Rc1+ 28. Kg2 Qc5 29. Qb3 Rf6 30. d4 Qc4 31. Qxc4 dxc4 32. Rab2 c3 33. Rb3 Rc6 34. d5 Rd6 35. Ra2 Rxd5 36. Ra4 c2 37. Rc4 Rd2+ 38. Kh3 Rh1 0-1

[Event "Mogi das Cruzes op 09"]
[Site "Mogi das Cruzes"]
[Date "2011.??.??"]
[Round "6"]
[White "Benitez, Ed Carlos Leite Luq"]
[Black "Alboredo, Julia"]
[Result "1-0"]
[WhiteElo "1974"]
[BlackElo "1826"]
[PlyCount "69"]
[EventDate "2011.09.02"]
[EventType "swiss"]
[EventRounds "6"]
[EventCountry "BRA"]
[SourceTitle "CBM 144 Extra"]
[Source "ChessBase"]
[SourceDate "2011.10.28"]
[SourceVersion "1"]
[SourceVersionDate "2011.10.28"]
[SourceQuality "1"]

1. e4 d6 2. d4 Nf6 3. Nc3 c6 4. f4 g6 5. Nf3 Bg7 6. Be2 0-0 7. h3 Nh5 8. 0-0 Ng3 9. Re1 b5 10. Bd3 Nd7 11. Kh2 Nh5 12. e5 Bh8 13. g4 Ng7 14. a3 Bb7 15. Qe2 a6 16. Ne4 Nb6 17. Bd2 Nc8 18. Rad1 f5 19. Ng3 c5 20. c3 c4 21. Bc2 e6 22. gxf5 gxf5 23. Rg1 Ra7 24. Nh5 Bxf3 25. Qxf3 Kf7 26. Nf6 h6 27. Be1 Ne8 28. Qh5+ Ke7 29. Nh7 Ng7 30. Rxg7+ Bxg7 31. Bh4+ Kd7 32. Bxd8 Kxd8 33. Nxf8 Bxf8 34. Rg1 Ne7 35. Qf7 1-0

[Event "Sao Paulo Sudeste op"]
[Site "Sao Paulo"]
[Date "2011.??.??"]
[Round "3"]
[White "Borges, Guilherme Deola"]
[Black "Benitez, Ed Carlos Leite Luq"]
[Result "1-0"]
[WhiteElo "2176"]
[BlackElo "1974"]
[PlyCount "59"]
[EventDate "2011.09.22"]
[EventType "swiss"]
[EventRounds "7"]
[EventCountry "BRA"]
[SourceTitle "CBM 144 Extra"]
[Source "ChessBase"]
[SourceDate "2011.10.28"]
[SourceVersion "1"]
[SourceVersionDate "2011.10.28"]
[SourceQuality "1"]

1. Nf3 c5 2. c4 Nc6 3. Nc3 e5 4. d3 g6 5. g3 Bg7 6. Bg2 Nge7 7. 0-0 0-0 8. a3 d6 9. Rb1 a5 10. Ne1 f5 11. Nc2 f4 12. b4 axb4 13. axb4 g5 14. bxc5 dxc5 15. Ne4 b6 16. Nxg5 h6 17. Nf3 Ra2 18. Rb3 Be6 19. Ba3 Bxc4 20. dxc4 Qxd1 21. Rxd1 Rxc2 22. Rxb6 Rxc4 23. Nd2 Rc3 24. Bb2 Rc2 25. Be4 Rxb2 26. Rxb2 Rd8 27. Rc1 Nd4 28. Nf3 Rc8 29. Nxd4 exd4 30. Rcc2 1-0

[Event "Sao Paulo ATC 4th"]
[Site "Sao Paulo"]
[Date "2009.11.20"]
[Round "2.1"]
[White "Matsuura, Everaldo"]
[Black "Benitez, Ed Carlos Leite Luq"]
[Result "1-0"]
[WhiteElo "2478"]
[BlackElo "1987"]
[PlyCount "135"]
[EventDate "2009.11.19"]
[EventType "swiss"]
[EventRounds "6"]
[EventCountry "BRA"]
[SourceTitle "EXT 2022"]
[Source "ChessBase"]
[SourceDate "2021.10.06"]
[SourceVersion "1"]
[SourceVersionDate "2021.10.06"]
[SourceQuality "1"]

1. d4 d5 2. Nf3 Nf6 3. c4 c6 4. Qc2 e6 5. g3 Nbd7 6. Bg2 Bd6 7. 0-0 0-0 8. Nbd2 Re8 9. b3 e5 10. cxd5 Nxd5 11. Nc4 Bc7 12. dxe5 Nxe5 13. Ncxe5 Bxe5 14. Nxe5 Rxe5 15. Bb2 Rh5 16. e4 Nf6 17. Qd1 Bg4 18. Qxd8+ Rxd8 19. f3 Bc8 20. Rfd1 Re8 21. Rd2 Ra5 22. Bc3 Rc5 23. Bd4 Ra5 24. a4 c5 25. Bc3 Ra6 26. Bf1 Rae6 27. Rad1 a6 28. e5 Nh5 29. Rd8 R6e7 30. a5 g6 31. f4 Ng7 32. b4 Ne6 33. R8d5 cxb4 34. Bxb4 Rc7 35. Kf2 h5 36. R1d2 Kh7 37. Bg2 Rc4 38. Rb2 Rd8 39. Be7 Re8 40. Bf6 Nc5 41. Rbd2 Ne6 42. Ke3 Rc3+ 43. Kf2 Rc7 44. Bf3 Rc1 45. Be2 Rc7 46. Bd3 Nc5 47. Bc2 Be6 48. Rd8 Rxd8 49. Rxd8 Rc8 50. Rxc8 Bxc8 51. Ke3 Be6 52. Be7 Nd7 53. Bd8 Kg7 54. Kd4 f6 55. exf6+ Nxf6 56. Bxf6+ Kxf6 57. Be4 Bc8 58. Kc5 g5 59. Kb6 gxf4 60. gxf4 h4 61. Bxb7 Bxb7 62. Kxb7 Kf5 63. Kxa6 Kxf4 64. Kb5 h3 65. a6 Kf3 66. a7 Kg2 67. a8Q+ Kxh2 68. Qf3 1-0